Комплексный подход к энергосбережению на примере реновации оборудования фермерского хозяйства; Энергетика: эффективность, надёжность, безопасность

Библиографические подробности
Источник:Энергетика: эффективность, надёжность, безопасность.— 2011.— [С. 192-194]
Главный автор: Глухов Д. М.
Другие авторы: Ефанов А. М., Воронков И. С.
Примечания:Заглавие с титульного листа
Электронная версия печатной публикации
Язык:русский
Опубликовано: 2011
Предметы:
Online-ссылка:http://www.lib.tpu.ru/fulltext/v/Conferences/2011/K06/116073.pdf
Формат: MixedMaterials Электронный ресурс Статья
Запись в KOHA:https://koha.lib.tpu.ru/cgi-bin/koha/opac-detail.pl?biblionumber=223492

MARC

LEADER 00000nla2a2200000 4500
001 223492
005 20231031200226.0
035 |a (RuTPU)RU\TPU\book\243744 
035 |a RU\TPU\book\243743 
090 |a 223492 
100 |a 20121011d2011 k y0rusy50 ca 
101 0 |a rus 
102 |a RU 
105 |a y z 101zy 
135 |a drnn ---uucaa 
181 0 |a i  
182 0 |a b 
200 1 |a Комплексный подход к энергосбережению на примере реновации оборудования фермерского хозяйства  |b Электронный ресурс  |f Д. М. Глухов, А. М. Ефанов, И. С. Воронков 
203 |a Текст  |c электронный 
215 |a 1 файл (262 Кб) 
230 |a Электронные текстовые данные (1 файл : 262 Кб) 
300 |a Заглавие с титульного листа 
300 |a Электронная версия печатной публикации 
337 |a Adobe Reader 
463 1 |0 (RuTPU)RU\TPU\book\241205  |t Энергетика: эффективность, надёжность, безопасность  |o материалы XVII Всероссийской научно-технической конференции, Томск, 7-9 декабря 2011 г.  |f Национальный исследовательский Томский политехнический университет (ТПУ)  |v [С. 192-194]  |d 2011 
610 1 |a энергосбережение 
610 1 |a фермерские хозяйства 
610 1 |a оборудование 
610 1 |a реновация 
610 1 |a энергоаудит 
610 1 |a электронный ресурс 
700 1 |a Глухов  |b Д. М. 
701 1 |a Ефанов  |b А. М. 
701 1 |a Воронков  |b И. С. 
801 1 |a RU  |b 63413507  |c 20120926 
801 2 |a RU  |b 63413507  |c 20121011  |g RCR 
856 4 |u http://www.lib.tpu.ru/fulltext/v/Conferences/2011/K06/116073.pdf 
942 |c CF